=LDR 00000nam 2200000 4500 =001 INLIS000000000037047 =005 20130612142809 =008 ***********************************Ind** =035 ##$$0010-061300000037047 =041 ##$$a Ind =082 ##$$a 372.3 =090 ##$$a 372.3, Sap s =100 ##$$a Saptorini, Kushartati =245 ##$$a Seni sains dasar energi, Kushartati Saptarini dan Tasik Elemen =260 ##$$a 2009 $b Jakarta =300 ##$$a 32 hlm, ilus, 20 cm =650 ##$$a Pendidikan dasar-sains =700 ##$$a Elman, Tasik =850 ##$$a NBPNMAT